00564nam a2200193Ia 4500008004100000020001800041040001900059041001200078082002500090100002100115245009300136250001300229260003400242300002500276504001900301650001200320651002000332850001800352131103s9999 xx 000 0 und d a81 200 0268 7 aLoreto College aEnglish a954/AGGbLCBED/10815 aAggarwala, R. N. aNational movement and constitutional development if India (1857 - 1988)cR. N. Aggarwala a13th ed. aNew DelhibMetropolitanc1989 axxvii,574p. c 21cm. aIncludes index aHistory aIndia - History aLCBED/954/AGG